Management (Record no. 82364)

MARC details
000 -LEADER
fixed length control field 00676nam a2200169 a 4500
008 - FIXED-LENGTH DATA ELEMENTS--GENERAL INFORMATION
fixed length control field 120416s1972 ||||||||||||||||| || u
050 ## - LIBRARY OF CONGRESS CALL NUMBER
Classification number HD 31 Alb
100 ## - MAIN ENTRY--PERSONAL NAME
Personal name Albers, Henry Herman
245 10 - TITLE STATEMENT
Title Management
246 ## -
-- the basic concepts
260 ## - PUBLICATION, DISTRIBUTION, ETC.
Place of publication, distribution, etc. New York
Name of publisher, distributor, etc. John Wiley and Sons
Date of publication, distribution, etc. 1972
350 ## -
-- 0.00
650 ## - SUBJECT ADDED ENTRY--TOPICAL TERM
Topical term or geographic name entry element EFFECTIVE MANAGEMENT
650 #0 - SUBJECT ADDED ENTRY--TOPICAL TERM
Topical term or geographic name entry element MANAGEMENT
995 ## -
-- BINDERY (DAMAGED)
-- 0.00
-- 706331
-- CBU-MAIN LIBRARY (Kitwe)
-- 1
-- 0.00
-- HD 31 Alb
-- 1
-- DAMAGED
-- 021216
-- Main Library Open Access Collection
995 ## -
-- MAIN LIBRARY OPEN ACCESS
-- 0.00
-- 729310
-- CBU-MAIN LIBRARY (Kitwe)
-- 2
-- 0.00
-- HD 31 Alb
-- 2
-- LOST
-- 729310
-- Main Library Open Access Collection
999 ## -
-- 82364
-- 82364
Holdings
Withdrawn status Lost status Source of classification or shelving scheme Damaged status Not for loan Permanent Location Current Location Shelving location Date acquired Total Checkouts Full call number Barcode Date last seen Copy number Price effective from Koha item type
          CBU-MAIN LIBRARY, KITWE. CBU-MAIN LIBRARY, KITWE.   09/27/2023   HD 31 Alb 021216 09/27/2023 1 09/27/2023 MONOGRAPH
          CBU-MAIN LIBRARY, KITWE. CBU-MAIN LIBRARY, KITWE.   09/27/2023   HD 31 Alb 729310 09/27/2023 2 09/27/2023 MONOGRAPH